Alternatives to regulation : managing risks to health, safety, and the environment /

Bibliographic Details
Main Author: Baram, Michael S.
Other Authors: McAllister, Kevin
Format: Book
Language:English
Published: Lexington, Mass. : Lexington Books, [1982]
Subjects:

MARC

Tag First Indicator Second Indicator Subfields
LEADER 00000pam a2200000 a 4500
001 in00000090512
005 20151008063734.0
008 810713s1982 mau b 00110 eng
010 |a  81047560  
020 |a 0669046663 
035 |a (OCoLC)07653717 
035 |9 AAK2837AM 
039 0 |a 2  |b 3  |c 3  |d 3  |e 3 
040 |a DLC  |c DLC  |d TXA  |d UtOrBLW 
043 |a n-us--- 
049 |a TXAM  |c [951826] 
050 0 0 |a KF5407  |b .B37 
082 0 |a 342.73/0664  |a 347.302664  |2 19 
100 1 |a Baram, Michael S. 
245 1 0 |a Alternatives to regulation :  |b managing risks to health, safety, and the environment /  |c Michael S. Baram with Kevin McAllister and the assistance of Larry Dufault [and others]. 
264 1 |a Lexington, Mass. :  |b Lexington Books,  |c [1982] 
264 4 |c ©1982 
300 |a ix, 245 pages ;  |c 24 cm. 
336 |a text  |b txt  |2 rdacontent 
337 |a unmediated  |b n  |2 rdamedia 
338 |a volume  |b nc  |2 rdacarrier 
504 |a Includes bibliographical references and index. 
650 0 |a Independent regulatory commissions  |z United States. 
650 0 |a Administrative procedure  |z United States. 
700 1 |a McAllister, Kevin. 
999 |a MARS 
999 f f |s 13d7b2a0-f0c6-36be-9913-e351df53b2d7  |i b00e87f4-e82e-3687-9b1c-19a9f501612d  |t 0 
952 f f |p ric  |a Texas A&M University  |b Rellis Campus  |c Joint Library Facility  |d Remote Storage  |t 0  |e KF5407 .B37  |h Library of Congress classification  |i unmediated -- volume  |m A14806156521 
998 f f |a KF5407 .B37  |t 0  |l Remote Storage